[Event "HUN-chT 9798"]
[Site "Hungary"]
[Date "1998.??.??"]
[Round "?"]
[White "Kocsis, Laszlo"]
[Black "Sapi, Laszlo"]
[Result "1/2-1/2"]
[WhiteElo "2130"]
[BlackElo "2280"]
[PlyCount "88"]
[EventDate "1997.??.??"]
[EventType "team-tourn"]
[EventRounds "12"]
[EventCountry "HUN"]
[SourceTitle "EXT 2000"]
[Source "ChessBase"]
[SourceDate "1999.11.16"]
[SourceVersion "1"]
[SourceVersionDate "1999.11.16"]
[SourceQuality "1"]

1. Nf3 Nf6 2. c4 c5 3. Nc3 e6 4. g3 d5 5. cxd5 Nxd5 6. Bg2 Nc6 7. 0-0 Be7 8. d4 cxd4 9. Nxd5 exd5 10. Nxd4 0-0 11. Be3 Be6 12. Rc1 Nxd4 13. Bxd4 Qa5 14. a3 Rac8 15. Bc3 Qb5 16. Qd2 Rfd8 17. Rfd1 b6 18. Be5 f6 19. Bc7 Rd7 20. Bf4 Rc5 21. Be3 Rc4 22. Bd4 Rdc7 23. Rc3 Bc5 24. Bxc5 Qxc5 25. Re3 Rc2 26. Qd3 Bf7 27. b4 Qd6 28. Bxd5 Bxd5 29. Qxd5+ Qxd5 30. Rxd5 Kf7 31. Kg2 Re7 32. Kf3 Rxe3+ 33. Kxe3 Ke6 34. Rd2 Rc4 35. Kd3 Rc1 36. Kd4 g5 37. f4 gxf4 38. gxf4 Kf5 39. Ke3 Ra1 40. Rd3 h5 41. Kf3 Rf1+ 42. Kg3 Rg1+ 43. Kf3 Rf1+ 44. Kg3 Rg1+ 1/2-1/2

[Event "HUN-chT 9697"]
[Site "Hungary"]
[Date "1996.??.??"]
[Round "2"]
[White "Sapi, Laszlo"]
[Black "Rozgonyi, Aron"]
[Result "1-0"]
[WhiteElo "2280"]
[BlackElo "2125"]
[PlyCount "77"]
[EventDate "1996.??.??"]
[EventType "team-tourn"]
[EventRounds "12"]
[EventCountry "HUN"]
[SourceTitle "EXT 2006"]
[Source "ChessBase"]
[SourceDate "2005.11.24"]
[SourceVersion "1"]
[SourceVersionDate "2005.11.24"]
[SourceQuality "1"]
[WhiteTeam "Budapest MTK"]
[BlackTeam "DUTEP"]
[WhiteTeamCountry "HUN"]
[BlackTeamCountry "HUN"]

1. d4 d5 2. c4 c6 3. Nc3 Nf6 4. Nf3 e6 5. e3 Nbd7 6. Bd3 Bd6 7. 0-0 0-0 8. e4 dxe4 9. Nxe4 Nxe4 10. Bxe4 Nf6 11. Bc2 c5 12. Bg5 h6 13. Bh4 Be7 14. Qd3 g6 15. Rad1 Nd7 16. Bg3 Qb6 17. b3 Re8 18. Rfe1 Bf6 19. h4 Nf8 20. h5 cxd4 21. hxg6 Nxg6 22. Nxd4 Rd8 23. c5 Qb4 24. Bd6 Bd7 25. Re4 Qa5 26. Rg4 Be8 27. Nxe6 Rd7 28. Nf4 Bg7 29. Nh5 Rad8 30. Nxg7 Kxg7 31. Qd4+ Kh7 32. Rh4 Qxa2 33. Qd2 Kg8 34. Rxh6 Qb2 35. Bf5 Qxb3 36. Re1 Kg7 37. Rh3 Rxd6 38. Qh6+ Kg8 39. Rxb3 1-0

[Event "Solymar op"]
[Site "Solymar"]
[Date "1996.??.??"]
[Round "?"]
[White "Sapi, Laszlo"]
[Black "Videki, Sandor"]
[Result "0-1"]
[WhiteElo "2280"]
[BlackElo "2460"]
[PlyCount "43"]
[EventDate "1996.??.??"]
[EventType "swiss (rapid)"]
[EventRounds "7"]
[EventCountry "HUN"]
[SourceTitle "EXT 1999"]
[Source "ChessBase"]
[SourceDate "1998.11.16"]
[SourceVersion "1"]
[SourceVersionDate "1998.11.16"]
[SourceQuality "1"]

1. d4 Nf6 2. c4 g6 3. Nc3 Bg7 4. e4 d6 5. Be2 0-0 6. Bg5 Na6 7. h4 c5 8. d5 e6 9. Nf3 h6 10. Bf4 exd5 11. cxd5 Re8 12. Nd2 Nc7 13. a4 b6 14. Qc2 Na6 15. Nb3 Nb4 16. Qb1 Bf8 17. Ra3 Nfxd5 18. exd5 Bf5 19. Qd1 Bc2 20. Qc1 a6 21. Kf1 Rxe2 22. Kxe2 0-1

[Event "Budapest FS02 IM-A"]
[Site "Budapest"]
[Date "1995.??.??"]
[Round "7"]
[White "Acs, Peter"]
[Black "Sapi, Laszlo"]
[Result "1/2-1/2"]
[WhiteElo "2240"]
[BlackElo "2285"]
[PlyCount "109"]
[EventDate "1995.02.??"]
[EventType "tourn"]
[EventRounds "11"]
[EventCountry "HUN"]
[EventCategory "2"]
[SourceTitle "CBM 046 Extra"]
[Source "ChessBase"]
[SourceDate "1995.07.01"]
[SourceVersion "1"]
[SourceVersionDate "1995.07.01"]
[SourceQuality "1"]

1. e4 c5 2. c3 d5 3. exd5 Qxd5 4. d4 Nf6 5. Nf3 e6 6. Be2 Be7 7. 0-0 0-0 8. Ne5 cxd4 9. cxd4 Rd8 10. Be3 Nc6 11. Nc3 Qa5 12. Nxc6 bxc6 13. Qa4 Qxa4 14. Nxa4 Nd5 15. Rac1 Bd7 16. a3 a5 17. Rc2 Rdb8 18. Rfc1 Be8 19. g3 Ra7 20. Bc4 Kf8 21. Bxd5 exd5 22. Bf4 Rb3 23. Re1 Bd7 24. Kg2 h6 25. h4 Rd3 26. Nb6 g5 27. hxg5 hxg5 28. Bb8 Rb7 29. Nxd7+ Rxd7 30. Rxc6 Rxd4 31. Rc8+ Bd8 32. b3 f6 33. Ba7 Rxa7 34. Rxd8+ Kf7 35. Rd6 Re4 36. Rc1 Re5 37. Rcc6 Rf5 38. a4 Re7 39. Rc2 g4 40. Rd2 Rb7 41. R6xd5 Rxd5 42. Rxd5 Rxb3 43. Rxa5 Ra3 44. Ra8 Kg6 45. a5 Kf5 46. a6 Ra1 47. a7 Ra3 48. Kf1 Ra2 49. Ke1 Ra1+ 50. Ke2 Ra3 51. f3 Ra2+ 52. Ke3 Ra3+ 53. Ke2 Ra2+ 54. Ke3 Ra3+ 55. Ke2 1/2-1/2

[Event "Budapest FS02 IM-A"]
[Site "Budapest"]
[Date "1995.??.??"]
[Round "3"]
[White "Sapi, Laszlo"]
[Black "Gonzalez Garcia, Jose"]
[Result "1/2-1/2"]
[WhiteElo "2285"]
[BlackElo "2360"]
[PlyCount "86"]
[EventDate "1995.02.??"]
[EventType "tourn"]
[EventRounds "11"]
[EventCountry "HUN"]
[EventCategory "2"]
[SourceTitle "CBM 046 Extra"]
[Source "ChessBase"]
[SourceDate "1995.07.01"]
[SourceVersion "1"]
[SourceVersionDate "1995.07.01"]
[SourceQuality "1"]

1. d4 Nf6 2. c4 g6 3. Nc3 Bg7 4. e4 d6 5. Be2 0-0 6. Bg5 Na6 7. Qd2 e5 8. d5 c6 9. f3 cxd5 10. cxd5 Bd7 11. Bd1 Qb6 12. a3 Nh5 13. Nge2 f5 14. Be3 Qd8 15. Bg5 Qe8 16. exf5 gxf5 17. Bc2 Nc5 18. Bh6 Bxh6 19. Qxh6 Nf4 20. 0-0 Bb5 21. Nxf4 Bxf1 22. Kxf1 exf4 23. Qxd6 Qe3 24. Re1 Qd4 25. Ne2 Qc4 26. Rc1 Rad8 27. Qxf4 Qxd5 28. Qg5+ Kh8 29. Rd1 Qxd1+ 30. Bxd1 Rxd1+ 31. Kf2 Nd3+ 32. Ke3 Re8+ 33. Kd4 Nf4+ 34. Kc4 Nxe2 35. Qf6+ Kg8 36. Qg5+ Kh8 37. Qf6+ Kg8 38. Qg5+ Kf7 39. Qxf5+ Ke7 40. Qxh7+ Kd6 41. Qxb7 Rc8+ 42. Kb3 Nd4+ 43. Ka4 Rc4+ 1/2-1/2

[Event "Budapest FS03 IM-A"]
[Site "Budapest"]
[Date "1994.??.??"]
[Round "2"]
[White "Sapi, Laszlo"]
[Black "Bliumberg, Vladislav"]
[Result "1-0"]
[WhiteElo "2285"]
[BlackElo "2360"]
[PlyCount "93"]
[EventDate "1994.03.??"]
[EventType "tourn"]
[EventRounds "11"]
[EventCountry "HUN"]
[EventCategory "3"]
[SourceTitle "EXT 1997"]
[Source "ChessBase"]
[SourceDate "1996.11.15"]
[SourceVersion "1"]
[SourceVersionDate "1996.11.15"]
[SourceQuality "1"]

1. d4 Nf6 2. c4 c5 3. d5 b5 4. cxb5 a6 5. e3 e6 6. Nc3 Bb7 7. e4 axb5 8. Bxb5 Qa5 9. Bd2 Qb6 10. Qb3 Nxe4 11. Nxe4 Bxd5 12. Qd3 f5 13. Ng3 Bxg2 14. N1e2 Bxh1 15. Nxh1 Be7 16. Nhg3 0-0 17. a4 Nc6 18. Bc3 d5 19. Qe3 Nd8 20. Nh5 d4 21. Nxd4 cxd4 22. Bxd4 Bb4+ 23. Ke2 Qc7 24. Bxg7 Qc2+ 25. Kf1 Qe4 26. Qxe4 fxe4 27. Bxf8 Kxf8 28. Nf6 Nf7 29. Nxe4 Ke7 30. Rc1 Ra7 31. Rc4 Ba5 32. b4 Bc7 33. Nc5 h6 34. h3 Nd6 35. Rg4 Kf6 36. Bd3 Nf5 37. Re4 e5 38. Rg4 Ne7 39. a5 Kf7 40. Re4 Bd6 41. a6 Kg7 42. Rc4 Kf7 43. b5 Nd5 44. Nb7 Be7 45. Rc6 Nf6 46. Bc4+ Kg7 47. Rc8 1-0

[Event "Budapest FS03 IM-A"]
[Site "Budapest"]
[Date "1994.??.??"]
[Round "10"]
[White "Sapi, Laszlo"]
[Black "Grabics, Monika"]
[Result "1/2-1/2"]
[WhiteElo "2285"]
[BlackElo "2295"]
[PlyCount "25"]
[EventDate "1994.03.??"]
[EventType "tourn"]
[EventRounds "11"]
[EventCountry "HUN"]
[EventCategory "3"]
[SourceTitle "EXT 1997"]
[Source "ChessBase"]
[SourceDate "1996.11.15"]
[SourceVersion "1"]
[SourceVersionDate "1996.11.15"]
[SourceQuality "1"]

1. e4 e6 2. d4 d5 3. exd5 exd5 4. Bd3 Nc6 5. c3 Nf6 6. Nf3 Bd6 7. 0-0 0-0 8. Bg5 Be6 9. Re1 Re8 10. Qc2 h6 11. Bxf6 Qxf6 12. Bh7+ Kh8 13. Bd3 1/2-1/2

[Event "Budapest FS09 IM-A"]
[Site "Budapest"]
[Date "1993.??.??"]
[Round "?"]
[White "Collas, Didier"]
[Black "Sapi, Laszlo"]
[Result "1-0"]
[WhiteElo "2260"]
[BlackElo "2300"]
[PlyCount "201"]
[EventDate "1993.09.??"]
[EventType "tourn"]
[EventRounds "11"]
[EventCountry "HUN"]
[EventCategory "3"]
[SourceTitle "EXT 1997"]
[Source "ChessBase"]
[SourceDate "1996.11.15"]
[SourceVersion "1"]
[SourceVersionDate "1996.11.15"]
[SourceQuality "1"]

1. e4 c5 2. Nf3 d6 3. c3 Nf6 4. h3 g6 5. Bd3 Bg7 6. Bc2 Nc6 7. 0-0 0-0 8. d3 b6 9. a3 a5 10. Re1 Ba6 11. a4 Ne8 12. Na3 Nc7 13. Bb3 e6 14. Bf4 e5 15. Bg5 Qd7 16. Nd2 Rab8 17. Bc4 h6 18. Be3 Bxc4 19. Ndxc4 d5 20. exd5 Nxd5 21. Qd2 Kh7 22. Nb5 f5 23. f3 Rfd8 24. Rad1 Na7 25. Nxa7 Qxa7 26. Bf2 Re8 27. Bg3 Qc7 28. Re2 Rbd8 29. Rde1 f4 30. Bf2 Re7 31. Qc2 Rde8 32. Qb3 Qc6 33. Qb5 Qxb5 34. axb5 Kg8 35. Re4 Kf7 36. Kf1 g5 37. g4 Bf6 38. Kg2 Bh8 39. h4 Bf6 40. h5 Bh8 41. Kf1 Bf6 42. R1e2 Bh8 43. Ke1 Bf6 44. Kd2 Bh8 45. Kc2 Bf6 46. Kb3 Bh8 47. Re1 Bf6 48. Bg1 Bh8 49. Nxb6 Nxb6 50. Bxc5 Nd7 51. Bxe7 Kxe7 52. d4 Kd6 53. c4 Rb8 54. dxe5+ Nxe5 55. Rd1+ Ke6 56. Rd5 Rc8 57. b6 Rb8 58. Rb5 Kd6 59. Rd5+ Ke6 60. Rxa5 Rxb6+ 61. Ka3 Rd6 62. b3 Bf6 63. Ra8 Kd7 64. Ra7+ Kc8 65. Rh7 Nxf3 66. c5 Ra6+ 67. Kb4 Ne5 68. Rxh6 f3 69. Re1 f2 70. Rf1 Nxg4 71. Rg6 Ne5 72. Kb5 Nxg6 73. Kxa6 Nf4 74. Rxf2 Nxh5 75. Rf5 Bd8 76. b4 Ng7 77. Rf8 Ne6 78. Rg8 Nc7+ 79. Kb6 Nd5+ 80. Kb5 Ne3 81. Kc6 Nf5 82. Rf8 Nd4+ 83. Kd5 Nb5 84. c6 Nc7+ 85. Kd6 Nb5+ 86. Kc5 Nc7 87. Rg8 Ne6+ 88. Kd6 Nc7 89. Rh8 Nb5+ 90. Kc5 Nc7 91. b5 Na8 92. Kd6 Nb6 93. c7 Nc4+ 94. Kc5 Kxc7 95. Kxc4 Be7 96. Rh7 Kd6 97. b6 Bd8 98. b7 Bc7 99. Rh8 Ke5 100. Kd3 Kf4 101. Ke2 1-0

[Event "Budapest FS09 IM-A"]
[Site "Budapest"]
[Date "1993.??.??"]
[Round "?"]
[White "Sapi, Laszlo"]
[Black "Mueller, W."]
[Result "1/2-1/2"]
[WhiteElo "2300"]
[BlackElo "2325"]
[PlyCount "103"]
[EventDate "1993.09.??"]
[EventType "tourn"]
[EventRounds "11"]
[EventCountry "HUN"]
[EventCategory "3"]
[SourceTitle "EXT 1997"]
[Source "ChessBase"]
[SourceDate "1996.11.15"]
[SourceVersion "1"]
[SourceVersionDate "1996.11.15"]
[SourceQuality "1"]

1. d4 Nf6 2. c4 g6 3. Nc3 Bg7 4. e4 d6 5. Be2 0-0 6. Bg5 c5 7. d5 h6 8. Be3 e6 9. Qd2 exd5 10. exd5 Kh7 11. h3 Na6 12. Bd3 Nc7 13. a4 Na6 14. Nge2 Nb4 15. Bb1 Nd7 16. f4 f5 17. 0-0 Nf6 18. Ng3 Bd7 19. Re1 a6 20. a5 Qc7 21. Ra3 Rae8 22. Na2 Nxa2 23. Rxa2 h5 24. b3 Bc8 25. Bf2 Bh6 26. Rxe8 Rxe8 27. Qc3 Qf7 28. Qf3 Qc7 29. Kf1 Qd8 30. Be1 h4 31. Ne2 Ne4 32. Nc3 Nxc3 33. Bxc3 Qe7 34. Bd2 Bg7 35. Bd3 Bd4 36. Rc2 Qf6 37. Rc1 Kg7 38. Re1 Bd7 39. Rxe8 Bxe8 40. Bc2 Bd7 41. Be1 Kf7 42. Bd2 Ke8 43. Qd3 Kd8 44. Be1 Kc7 45. Bd2 Bb2 46. Qe3 Qg7 47. Bd1 Bd4 48. Qd3 Bf6 49. Qe3 Qh8 50. Be1 Kc8 51. b4 Bd4 52. Qe7 1/2-1/2

[Event "HUN-chT"]
[Site "Hungary"]
[Date "1992.??.??"]
[Round "7"]
[White "Sapi, Laszlo"]
[Black "Horvath, Imre"]
[Result "0-1"]
[WhiteElo "2305"]
[BlackElo "2320"]
[PlyCount "66"]
[EventDate "1992.??.??"]
[EventType "team-tourn"]
[EventRounds "14"]
[EventCountry "HUN"]
[SourceTitle "EXT 2000"]
[Source "ChessBase"]
[SourceDate "1999.11.16"]
[SourceVersion "1"]
[SourceVersionDate "1999.11.16"]
[SourceQuality "1"]

1. d4 Nf6 2. c4 c5 3. Nf3 cxd4 4. Nxd4 a6 5. Nc3 d5 6. cxd5 Nxd5 7. e4 Nxc3 8. bxc3 e5 9. Nb3 Qxd1+ 10. Kxd1 Be6 11. Be3 Nd7 12. Bd3 Rc8 13. Rc1 Nc5 14. Bxc5 Bxc5 15. Nxc5 Rxc5 16. c4 0-0 17. Ke2 Rfc8 18. Rb1 Bxc4 19. Rhd1 b5 20. Bxc4 Rxc4 21. f3 Rc2+ 22. Rd2 Kf8 23. Rb3 Ke7 24. a4 bxa4 25. Rb6 a5 26. Rb5 R8c5 27. Rb7+ Kf6 28. Rb6+ Kg5 29. g3 f6 30. Rb7 a3 31. Rb3 R5c3 32. h4+ Kg6 33. Rb5 Rxd2+ 0-1

[Event "Wuerzburger op 5th"]
[Site "Wuerzburg"]
[Date "1989.05.18"]
[Round "4"]
[White "Maksimovic, Branimir"]
[Black "Sapi, Laszlo"]
[Result "0-1"]
[WhiteElo "2425"]
[BlackElo "2340"]
[PlyCount "122"]
[EventDate "1989.05.??"]
[EventType "swiss"]
[EventRounds "7"]
[EventCountry "GER"]
[SourceTitle "EXT 2002"]
[Source "ChessBase"]
[SourceDate "2001.11.25"]
[SourceVersion "1"]
[SourceVersionDate "2001.11.25"]
[SourceQuality "1"]

1. d4 d5 2. c4 e6 3. Nc3 Nf6 4. Nf3 c5 5. cxd5 Nxd5 6. e3 Nc6 7. Bd3 Be7 8. 0-0 0-0 9. Qe2 b6 10. Rd1 cxd4 11. exd4 Bb7 12. a3 Rc8 13. Bd2 Na5 14. Ne5 Nb3 15. Ne4 f5 16. Ng3 Nxd4 17. Qe1 Nb3 18. Rab1 Nxd2 19. Qxd2 Bg5 20. Qe1 Qd6 21. Nf3 Bh6 22. Nd4 Rfe8 23. Bb5 Re7 24. Be2 g6 25. Bf3 a6 26. h4 Rc4 27. Nf1 e5 28. Bxd5+ Bxd5 29. Nf3 e4 30. Ng5 Bxg5 31. hxg5 f4 32. Qd2 Rd7 33. Nh2 Qe5 34. Qe2 Qxg5 35. Qg4 Qf5 36. Qe2 h5 37. Nf1 e3 38. fxe3 f3 39. gxf3 Rc2 40. Rd2 Bxf3 41. Qxf3 Qxf3 42. Rxc2 Kg7 43. Rf2 Qg4+ 44. Rg2 Qe4 45. Rc1 Rf7 46. Rcc2 h4 47. Rcd2 h3 48. Rgf2 Rxf2 49. Rxf2 Qh4 50. Rd2 Qe1 51. Rh2 Qh4 52. Rd2 g5 53. Rd4 Qe1 54. Rd7+ Kg6 55. Rd6+ Kh5 56. Rf6 g4 57. e4 Kh4 58. Rf4 Qc1 59. Rf7 Qxb2 60. Ne3 Qd4 61. Kf2 Qd2+ 0-1